| 000 | 01599cam a2200325 a 4500 | ||
|---|---|---|---|
| 999 |
_c3111 _d3111 |
||
| 001 | 15365723 | ||
| 003 | GBCCL | ||
| 005 | 20241126110447.0 | ||
| 008 | 080714s2008 ilu b 001 0 eng | ||
| 010 | _a 2008031065 | ||
| 020 | _a9781414310343 (hc : alk. paper) | ||
| 020 | _a141431034X (hc : alk. paper) | ||
| 040 |
_aDLC _cDLC _dDLC |
||
| 041 | 1 |
_aeng _hgrc |
|
| 050 | 0 | 0 |
_aBS1904.5 _b.C66 2008 |
| 082 | 0 | 0 |
_a225.486 _222 _bCOM |
| 100 | 1 |
_aComfort, Philip Wesley. _91417 |
|
| 245 | 1 | 0 |
_aNew Testament text and translation commentary : _bcommentary on the variant readings of the ancient New Testament manuscripts and how they relate to the major English translations / _cPhilip W. Comfort. |
| 260 |
_aCarol Stream, IL : _bTyndale House Publishers, Inc., _cc2008. |
||
| 300 |
_axli, 899 p. ; _c24 cm. |
||
| 504 | _aIncludes bibliographical references (p. [885]-899). | ||
| 505 | 0 | _aThe practice of New Testament textual criticism -- Significant editions of the Greek New Testament -- Significant English versions -- How to use the commentary -- Commentary -- Appendix A -- Appendix B -- Appendix C -- Appendix D. | |
| 630 | 0 | 0 |
_aBible. _pNew Testament _xManuscripts, Greek. _96439 |
| 630 | 0 | 0 |
_aBible. _pNew Testament _xCriticism, Textual. _92762 |
| 630 | 0 | 0 |
_aBible. _pNew Testament _xTranslating. _96440 |
| 856 | 4 | 1 |
_3Table of contents only _uhttp://www.loc.gov/catdir/toc/ecip0824/2008031065.html |
| 906 |
_a7 _bcbc _corignew _d1 _eecip _f20 _gy-gencatlg |
||
| 942 |
_2ddc _cREF |
||